Quick Pick: Couples in Literature Quiz Stats

 Plays Quiz Updated Jan 11, 2018

Challenge
Share
Tweet
Embed
Score 0/12 Timer 01:30
1 Play Today
% Correct
The Great Gatsby
90.2%
The Hunger Games
80.8%
War and Peace
80.7%
The Lord of the Rings
78.2%
Pride and Prejudice
77%
Wuthering Heights
75.8%
A Song of Ice and Fire
63.2%
Brideshead Revisited
47%
Revolutionary Road
45.7%
Fahrenheit 451
44.8%
The Tin Drum
25.8%
The Good Soldier
18.3%

Today's Daily Dose

You're not logged in!

Compare scores with friends on all Sporcle quizzes.
OR
Log In

You Might Also Like...

Show Comments

Extras

Top Quizzes Today


Score Distribution

Your Account Isn't Verified!

In order to create a playlist on Sporcle, you need to verify the email address you used during registration. Go to your Sporcle Settings to finish the process.

Report this User

Report this user for behavior that violates our Community Guidelines.

Details: